| 000 | 00983cab a22002055a 4500 | ||
|---|---|---|---|
| 001 | L143928 | ||
| 008 | 080606s2008 xxk f 000 0 eng d | ||
| 035 | _a(Sirsi) u143928 | ||
| 041 | 0 | _aeng | |
| 100 | 1 | _aThomas, Simon | |
| 245 | 0 | 4 | _aThe effect of tenant insolvency on landlords' rights |
| 260 | _c2008 | ||
| 490 |
_aProperty Forecast _v11(5) May 2008, 10-11(2) |
||
| 520 | _aClarifies the different types of insolvency process the tenant is subject to and the effect this has on the landlord. Argues that landlords, and their agents, need to monitor their tenants closely to minimise losses, in the eventuality of tenants defaulting on payments. Given the rising levels of business insolvencies, this scenario is increasingly likely. | ||
| 590 | _aKA | ||
| 650 | 2 | 4 | _aINSOLVENCY ACT 2000 |
| 651 | 4 |
_aUnited Kingdom _y |
|
| 690 | _aPROPERTY-COMMERCIAL PROPERTY-LEASEHOLD COMMERCIAL PROPERTY-COMMERCIAL LANDLORD AND TENANT-BUSINESS TENANCIES-BUSINESS TENANTS | ||
| 942 | _n0 | ||
| 999 |
_c80312 _d80312 |
||